Clarence C. Dill : the life of a western politician /

Bibliographic Details
Main Author: Irish, Kerry E., 1954-
Format: Book
Language:English
Published: Pullman : Washington State University Press, [2000]
Subjects:

MARC

Tag First Indicator Second Indicator Subfields
LEADER 00000cam a2200000 a 4500
001 in00001533721
005 20151022053710.0
008 991203s2000 wauab b s001 0beng
010 |a  99088359  
020 |a 0874221897 
020 |a 0874221900 (pbk.) 
035 |a (OCoLC)ocm43115154 
040 |a DLC  |c DLC  |d TXA  |d UtOrBLW 
043 |a n-us---  |a n-us-wa 
049 |a TXAM 
050 0 0 |a E748.D552  |b I75 2000 
082 0 0 |a 328.73/092  |a B  |2 21 
100 1 |a Irish, Kerry E.,  |d 1954- 
245 1 0 |a Clarence C. Dill :  |b the life of a western politician /  |c Kerry E. Irish. 
264 1 |a Pullman :  |b Washington State University Press,  |c [2000] 
264 4 |c ©2000 
300 |a xi, 252 pages :  |b illustrations, map ;  |c 23 cm. 
336 |a text  |b txt  |2 rdacontent 
337 |a unmediated  |b n  |2 rdamedia 
338 |a volume  |b nc  |2 rdacarrier 
504 |a Includes bibliographical references (pages [229]-236) and index. 
600 1 0 |a Dill, Clarence C.  |q (Clarence Cleveland),  |d 1884-1978. 
650 0 |a Legislators  |z United States  |v Biography. 
610 1 0 |a United States.  |b Congress.  |b House  |v Biography. 
651 0 |a United States  |x Politics and government  |y 1901-1953. 
651 0 |a Washington (State)  |x Politics and government  |y 1889-1950. 
948 |a cataloged  |b h  |c 2000/5/24  |d c  |e dmitchel  |f 8:23:00 am 
994 |a E0  |b TXA 
999 |a MARS 
999 f f |s d3cc66a8-bec2-3f94-8cba-8924d696ad10  |i 1031cf6b-bc6a-30e9-9aab-3d816128b681  |t 0 
952 f f |p ric  |a Texas A&M University  |b Rellis Campus  |c Joint Library Facility  |d Remote Storage  |t 0  |e E748.D552 I75 2000  |h Library of Congress classification  |i unmediated -- volume  |m A14826040261 
998 f f |a E748.D552 I75 2000  |t 0  |l Remote Storage